Pays les plus proches de Haiti - Mort subite - Statistiques

Statistiques générales
  • Ce quiz a été pris 88 fois
  • Le résultat moyen est 4 sur 15
Answers on the Grid
Answers color-coded by a green-red scale on the quiz's grid according to % correct below.
République dominicaine
Cuba
Bahamas
Jamaïque
Colombie
Venezuela
États-Unis
Saint-Kitts-et-Nevis
Antigua-et-Barbuda
Honduras
Nicaragua
Panama
Dominique
Sainte-Lucie
Saint-Vincent-et-les-Grenadines
Mexique
Canada
El Salvador
Belize
Guyane
Suriname
Équateur
Pérou
Brésil
Paraguay
Bolivie
Trinité-et-Tobago
Argentine
Gambie
Irlande
 
Statistiques - réponses
Réponse % Correct
République dominicaine
56%
Cuba
49%
Jamaïque
46%
Antigua-et-Barbuda
32%
Sainte-Lucie
32%
Dominique
27%
Bahamas
22%
États-Unis
17%
Honduras
15%
Saint-Kitts-et-Nevis
15%
Saint-Vincent-et-les-Grenadines
15%
Venezuela
15%
Panama
12%
Colombie
7%
Nicaragua
7%
Aucun quiz correspondant
Distribution des résultats
% des personnes avec chaque résultat
Percentile par nombre de réponses
Votre historique - résultats
Vous n’avez pas pris ce quiz